No se organiza a la gente ni se crea conciencia por decreto /
Gespeichert in:
| 1. Verfasser: | |
|---|---|
| Format: | Text |
| Tags: |
Tag hinzufügen
Keine Tags, Fügen Sie den ersten Tag hinzu!
|
MARC
| LEADER | 00000 a a2200000 04500 | ||
|---|---|---|---|
| 001 | 45333 | ||
| 003 | |||
| 040 | |||
| 100 | |a Grigsby, William | ||
| 245 | |a No se organiza a la gente ni se crea conciencia por decreto / |c William Grigsby | ||
| 773 | |g volumen26, número306 (2007), páginas 16-23 | ||
| 999 | |c 22831 |d 22831 | ||
